| 000 | 00599nam a2200217 a 4500 | ||
|---|---|---|---|
| 001 | BRCA_8307 | ||
| 005 | 20190320210224.0 | ||
| 008 | 230614s1890----gw-a###f##---#000-0#ger-# | ||
| 041 | _ager | ||
| 044 | _agw | ||
| 050 | 4 |
_aNK2808 _b.B6 1890 |
|
| 245 | 1 | 0 |
_aVorderasiatische knüpf teppiche _caus älterer zeit von Wilhelm Bode. |
| 260 |
_aLeipzig _bH.S. Nachfolger _c[18--?] |
||
| 300 |
_a136 p. _bil. (algunas a color) _c26 cm. |
||
| 500 | _aS133 | ||
| 650 | 1 | 4 |
_aTapices orientales _920738 |
| 650 | 1 | 4 |
_aTapices _zAsia _920739 |
| 700 | 1 |
_aBode, Wilhelm _920740 |
|
| 902 | _aGFM | ||
| 942 |
_2lcc _cB |
||
| 999 |
_c7975 _d7975 |
||